[Event "21.Wörishofen-Seniorenen op"]
[Site "Bad Wörishofen (03.03.-11.03)"]
[Date "2005.03.05"]
[Round "3.38"]
[White "Winkler, Hans"]
[Black "Josting, Friedel"]
[Result "0-1"]
[WhiteElo "1709"]
[BlackElo "1886"]
[PlyCount "70"]
[EventDate "2005.03.??"]
[Source "Chessorg"]
[SourceDate "2005.12.10"]

1. c4 c5 2. Nc3 Nc6 3. g3 g6 4. Bg2 Bg7 5. e3 d6 6. Nge2 Bg4 7. h3 Bxe2 8. Nxe2
Qb6 9. a3 e6 10. Rb1 a5 11. Qc2 Nge7 12. Nc3 O-O 13. O-O Rad8 14. b3 Rd7 15.
Bb2 Qd8 16. Ne4 e5 17. h4 h6 18. Rfd1 f5 19. Nc3 Qe8 20. Ne2 g5 21. hxg5 hxg5
22. f4 Qg6 23. Kf2 exf4 24. gxf4 Bf6 25. Bxf6 Rxf6 26. fxg5 Qxg5 27. Bd5+ Kf8
28. Nf4 Nxd5 29. cxd5 Qh4+ 30. Ke2 Nd4+ 31. exd4 Qxf4 32. dxc5 Re7+ 33. Kd3
Qe4+ 34. Kc3 Qxd5 35. Rf1 Qxc5+ 0-1

[Event "21.Wörishofen-Seniorenen op"]
[Site "Bad Wörishofen (03.03.-11.03)"]
[Date "2005.03.05"]
[Round "3.39"]
[White "Schmidt, Eugen[35Baden]"]
[Black "Hausner, Alfreda"]
[Result "1/2-1/2"]
[WhiteElo "1882"]
[BlackElo "1765"]
[PlyCount "62"]
[EventDate "2005.03.??"]
[Source "Chessorg"]
[SourceDate "2005.12.10"]

1. e4 c5 2. Nf3 Nc6 3. d4 cxd4 4. Nxd4 e6 5. Nc3 a6 6. Bc4 Nf6 7. Bb3 Na5 8.
Be3 Nxb3 9. cxb3 Be7 10. e5 Ng8 11. Qg4 g6 12. O-O-O h5 13. Qe2 Qc7 14. f4 b5
15. Kb1 Bb7 16. Rc1 Qa5 17. Bd2 Qb6 18. Be3 Qd8 19. Rhd1 Bb4 20. Bd2 Ne7 21. h3
Rc8 22. g4 Bxc3 23. Bxc3 Nd5 24. Bd2 Rxc1+ 25. Bxc1 hxg4 26. hxg4 Qh4 27. f5
gxf5 28. gxf5 Qh2 29. fxe6 dxe6 30. Qe1 Rh5 31. Nf3 Qg2 1/2-1/2

[Event "21.Wörishofen-Seniorenen op"]
[Site "Bad Wörishofen (03.03.-11.03)"]
[Date "2005.03.05"]
[Round "3.40"]
[White "Wolfram, Gisbert,Dr."]
[Black "Vorderbruegge, Franz-Josef"]
[Result "0-1"]
[WhiteElo "1548"]
[BlackElo "1729"]
[PlyCount "92"]
[EventDate "2005.03.??"]
[Source "Chessorg"]
[SourceDate "2005.12.10"]

1. Nf3 d5 2. g3 Nf6 3. Bg2 c6 4. O-O e6 5. d3 Bc5 6. d4 Bd6 7. Nbd2 O-O 8. c4
b6 9. Re1 Ba6 10. Qc2 Bb4 11. cxd5 cxd5 12. a3 Be7 13. Ne5 Bb7 14. Ndf3 Na6 15.
Bf4 Rc8 16. Qd3 Nb8 17. Rac1 Ba6 18. Rxc8 Qxc8 19. Qb1 Qb7 20. h4 Bb5 21. g4
Nbd7 22. Nxd7 Nxd7 23. Ng5 Bxg5 24. hxg5 Qa6 25. Bf3 Rc8 26. Kg2 Qa4 27. Rc1
Rxc1 28. Qxc1 Bc4 29. e4 Qb5 30. exd5 exd5 31. a4 Qxa4 32. Bxd5 Bxd5+ 33. f3
Qc6 34. Qe3 Nf8 35. Kg3 Ne6 36. Qc3 Nxf4 37. Qxc6 Ne2+ 38. Kf2 Bxc6 39. Kxe2
Kf8 40. Ke3 Ke7 41. f4 f6 42. gxf6+ Kxf6 43. b4 Ke6 44. f5+ Kf6 45. Kf4 h6 46.
b5 Bd5 0-1

[Event "21.Wörishofen-Seniorenen op"]
[Site "Bad Wörishofen (03.03.-11.03)"]
[Date "2005.03.05"]
[Round "3.41"]
[White "Erdmann, Wolfgang"]
[Black "Moeckel, Edgar,Dr."]
[Result "0-1"]
[WhiteElo "1533"]
[BlackElo "1826"]
[PlyCount "94"]
[EventDate "2005.03.??"]
[Source "Chessorg"]
[SourceDate "2005.12.10"]

1. d4 Nf6 2. Nf3 d5 3. e3 Bg4 4. Be2 Nbd7 5. Nbd2 e6 6. O-O Bd6 7. h3 Bh5 8. b3
O-O 9. Bb2 c6 10. a4 Re8 11. Rc1 h6 12. c4 Qe7 13. Nh2 Bxe2 14. Qxe2 e5 15.
dxe5 Bxe5 16. Bxe5 Nxe5 17. Nhf3 Rad8 18. Nxe5 Qxe5 19. Nf3 Qe4 20. Qc2 Qxc2
21. Rxc2 dxc4 22. Rxc4 Ne4 23. Rb1 Rd6 24. Rd4 Rxd4 25. Nxd4 c5 26. Nf3 Rd8 27.
g3 f6 28. h4 g5 29. hxg5 hxg5 30. Rb2 g4 31. Nh4 Rd1+ 32. Kg2 Rd2 33. Rxd2 Nxd2
34. Nf5 Nxb3 35. Nh6+ Kg7 36. Nxg4 c4 37. e4 c3 38. Ne3 Nd4 39. f4 c2 40. Nxc2
Nxc2 41. Kf3 Nd4+ 42. Ke3 Ne6 43. g4 Nc5 44. Kd4 Nxa4 45. e5 fxe5+ 46. fxe5 Nb6
47. Kc5 Nd7+ 0-1

[Event "21.Wörishofen-Seniorenen op"]
[Site "Bad Wörishofen (03.03.-11.03)"]
[Date "2005.03.05"]
[Round "3.42"]
[White "Tochtermann, Georg,Dr."]
[Black "Alefs, Heinz"]
[Result "1-0"]
[WhiteElo "1789"]
[BlackElo "1640"]
[PlyCount "66"]
[EventDate "2005.03.??"]
[Source "Chessorg"]
[SourceDate "2005.12.10"]

1. e4 c5 2. c4 Nc6 3. Nc3 e6 4. g3 Nf6 5. Bg2 Be7 6. Nge2 O-O 7. O-O Nd4 8. d3
Rb8 9. h3 d6 10. Be3 e5 11. f4 a6 12. fxe5 dxe5 13. Nd5 b5 14. b3 bxc4 15. dxc4
h6 16. Qd2 Nh7 17. Nxe7+ Qxe7 18. Nc3 Be6 19. Nd5 Qd7 20. g4 f6 21. Bf2 Ng5 22.
Bg3 Rb7 23. Bh4 Kf7 24. Bxg5 hxg5 25. Qxg5 Ke8 26. Qd2 Rh8 27. Rf2 Qd8 28. Raf1
Rf7 29. b4 cxb4 30. Qxb4 a5 31. Qa3 Rb7 32. g5 f5 33. Kh2 Rb4 1-0

[Event "21.Wörishofen-Seniorenen op"]
[Site "Bad Wörishofen (03.03.-11.03)"]
[Date "2005.03.05"]
[Round "3.45"]
[White "Huhn, Ulrich"]
[Black "Luebbers, Doris,Dr."]
[Result "1-0"]
[WhiteElo "1708"]
[BlackElo "1414"]
[PlyCount "101"]
[EventDate "2005.03.??"]
[Source "Chessorg"]
[SourceDate "2005.12.10"]

1. d4 d5 2. Nc3 Nf6 3. Bg5 e6 4. e4 dxe4 5. Nxe4 Be7 6. Nxf6+ Bxf6 7. Bxf6 Qxf6
8. Bd3 c6 9. Nf3 Nd7 10. O-O O-O 11. Qe2 Re8 12. Rfe1 Nf8 13. Rad1 b6 14. Be4
Bb7 15. Ne5 Rac8 16. Ng4 Qg5 17. Ne5 Rc7 18. g3 Rec8 19. f4 Qf6 20. Qf3 g6 21.
Re2 Qg7 22. Qg2 f6 23. Nc4 Rd8 24. Red2 Rdd7 25. g4 c5 26. Bxb7 Rxb7 27. dxc5
bxc5 28. b3 Qe7 29. Qc6 Rxd2 30. Rxd2 Rc7 31. Qd6 Rd7 32. Qxe7 Rxe7 33. Kf2 Nd7
34. a4 Nb6 35. Rd8+ Kg7 36. Nxb6 axb6 37. Rd6 Rb7 38. Rxe6 Kf7 39. Rd6 Ke7 40.
Rd2 Rd7 41. Rxd7+ Kxd7 42. c3 Kd6 43. Ke3 f5 44. gxf5 gxf5 45. Kd3 Kd5 46. b4
cxb4 47. cxb4 h6 48. a5 bxa5 49. bxa5 Kc6 50. Kd4 Kb5 51. Ke5 1-0

[Event "21.Wörishofen-Seniorenen op"]
[Site "Bad Wörishofen (03.03.-11.03)"]
[Date "2005.03.05"]
[Round "3.46"]
[White "Froeling, Philippa"]
[Black "Mittelsteiner, Horst"]
[Result "0-1"]
[WhiteElo "1269"]
[BlackElo "1614"]
[PlyCount "64"]
[EventDate "2005.03.??"]
[Source "Chessorg"]
[SourceDate "2005.12.10"]

1. Nf3 d5 2. d4 Nf6 3. Nbd2 Bg4 4. g3 c6 5. Bg2 Qd7 6. Ne5 Qc8 7. Nxg4 Nxg4 8.
O-O e6 9. e4 Nf6 10. e5 Nfd7 11. c4 Na6 12. c5 Be7 13. a3 O-O 14. b4 f6 15. Bh3
Nc7 16. Re1 fxe5 17. dxe5 a5 18. Bb2 Nb8 19. Nb3 axb4 20. axb4 Nba6 21. Qg4 Rf5
22. Nd4 Rg5 23. Qxe6+ Nxe6 24. Bxe6+ Qxe6 25. Nxe6 Rg6 26. Nf4 Rg5 27. Nd3 Re8
28. f4 Rg6 29. Rf1 Nxb4 30. f5 Rg4 31. f6 gxf6 32. exf6 Bxf6 0-1

[Event "21.Wörishofen-Seniorenen op"]
[Site "Bad Wörishofen (03.03.-11.03)"]
[Date "2005.03.05"]
[Round "3.47"]
[White "Richter, Helmut[27Mühlacker]"]
[Black "Dietze, Otto"]
[Result "1-0"]
[WhiteElo "1692"]
[BlackElo "1536"]
[PlyCount "57"]
[EventDate "2005.03.??"]
[Source "Chessorg"]
[SourceDate "2005.12.10"]

1. c4 Nf6 2. Nc3 g6 3. g3 Bg7 4. Bg2 O-O 5. d4 d6 6. Nf3 Nbd7 7. O-O Nb6 8. b3
c5 9. e3 cxd4 10. exd4 Nbd7 11. Bb2 e5 12. Re1 exd4 13. Nxd4 a6 14. Qd2 Rb8 15.
Rad1 Ne5 16. f4 Nc6 17. Nxc6 bxc6 18. h3 Qb6+ 19. Kh2 d5 20. cxd5 cxd5 21. Nxd5
Nxd5 22. Bxg7 Kxg7 23. Bxd5 Rd8 24. Qb2+ Kh6 25. Bg2 Be6 26. g4 Rxd1 27. g5+
Kh5 28. Qe2+ Kh4 29. Rxd1 1-0

[Event "21.Wörishofen-Seniorenen op"]
[Site "Bad Wörishofen (03.03.-11.03)"]
[Date "2005.03.05"]
[Round "3.48"]
[White "Rudolph, Joachim"]
[Black "Weber, Gerhard,Dr.[34Levk]"]
[Result "1/2-1/2"]
[WhiteElo "1683"]
[BlackElo "1783"]
[PlyCount "61"]
[EventDate "2005.03.??"]
[Source "Chessorg"]
[SourceDate "2005.12.10"]

1. f4 e5 2. fxe5 d6 3. exd6 Bxd6 4. Nf3 Nf6 5. d4 Ng4 6. Bg5 f6 7. Bh4 Ne3 8.
Qd3 Qe7 9. Bf2 Bf4 10. Nc3 Bf5 11. Nd5 Bxd3 12. Nxe7 Nxc2+ 13. Kd1 Kxe7 14.
exd3 Nxa1 15. g3 Bd6 16. Kc1 Nc6 17. Kb1 Nb3 18. axb3 Rhe8 19. Bg2 Kf8 20. Rd1
Rad8 21. d5 Nb4 22. Be1 c6 23. Nd4 cxd5 24. Bxb4 Bxb4 25. g4 Rd6 26. Nb5 Rdd8
27. Nc7 Re1 28. Rxe1 Bxe1 29. Ne6+ Ke7 30. Nxd8 Kxd8 31. Bxd5 1/2-1/2

[Event "21.Wörishofen-Seniorenen op"]
[Site "Bad Wörishofen (03.03.-11.03)"]
[Date "2005.03.05"]
[Round "3.49"]
[White "Duer, Maria"]
[Black "Schuler, Georg"]
[Result "0-1"]
[WhiteElo "1694"]
[BlackElo "1885"]
[PlyCount "118"]
[EventDate "2005.03.??"]
[Source "Chessorg"]
[SourceDate "2005.12.10"]

1. d4 Nf6 2. c4 g6 3. Nc3 d5 4. e3 Bg7 5. Nf3 b6 6. Qb3 c6 7. cxd5 cxd5 8. Bb5+
Kf8 9. O-O a6 10. Be2 Nc6 11. a3 Na5 12. Qd1 h5 13. Ne5 Qd6 14. b4 Nc6 15. f4
Bf5 16. Bd2 Ne4 17. Bf3 Bh6 18. Nxe4 dxe4 19. Qc2 Nxd4 20. exd4 Qxd4+ 21. Kh1
exf3 22. Qc3 fxg2+ 23. Kxg2 Qxc3 24. Bxc3 f6 25. Nf3 Rc8 26. Bd2 Rc2 27. Rfc1
Kf7 28. Rxc2 Bxc2 29. Rc1 Bf5 30. Rc6 Rb8 31. Be3 Be4 32. Rxb6 Rxb6 33. Bxb6
Bxf4 34. h3 e5 35. Kf2 Ke6 36. Ng1 Bc1 37. a4 Ba3 38. Ba5 Bc2 39. b5 axb5 40.
axb5 Be4 41. Ne2 Bc5+ 42. Ke1 Bb7 43. Nc3 f5 44. Ke2 f4 45. Nb1 e4 46. Nd2 f3+
47. Kf1 Kf5 48. Nb3 Be3 49. Bc3 Bb6 50. Bd4 Bxd4 51. Nxd4+ Ke5 52. Nc2 g5 53.
Kf2 Kf4 54. Ne3 g4 55. hxg4 hxg4 56. Nf1 e3+ 57. Nxe3 g3+ 58. Kf1 Kxe3 59. b6
Ba6+ 0-1

[Event "21.Wörishofen-Seniorenen op"]
[Site "Bad Wörishofen (03.03.-11.03)"]
[Date "2005.03.05"]
[Round "3.50"]
[White "Wittelsberger, Helmut"]
[Black "Erler, Klaus-Juergen"]
[Result "1-0"]
[WhiteElo "1794"]
[BlackElo "1569"]
[PlyCount "53"]
[EventDate "2005.03.??"]
[Source "Chessorg"]
[SourceDate "2005.12.10"]

1. e4 d6 2. d4 Nf6 3. Bd3 e5 4. c3 c6 5. h3 Be7 6. Nf3 Nbd7 7. O-O O-O 8. Qe2
Qc7 9. c4 Re8 10. Be3 Nf8 11. dxe5 dxe5 12. Nc3 b6 13. a3 Ne6 14. b4 Rd8 15.
Qc2 Nd4 16. Bxd4 exd4 17. Ne2 c5 18. e5 Nd7 19. Bxh7+ Kh8 20. Be4 Rb8 21. Bd5
Nxe5 22. Qe4 Nxf3+ 23. Qxf3 Bf6 24. Rad1 Bb7 25. Nf4 Be5 26. Qh5+ Kg8 27. Ng6
1-0

[Event "21.Wörishofen-Seniorenen op"]
[Site "Bad Wörishofen (03.03.-11.03)"]
[Date "2005.03.05"]
[Round "3.51"]
[White "Fleckner, Hans"]
[Black "Weigel, Herbert"]
[Result "0-1"]
[WhiteElo "1723"]
[BlackElo "1948"]
[PlyCount "52"]
[EventDate "2005.03.??"]
[Source "Chessorg"]
[SourceDate "2005.12.10"]

1. e4 e5 2. Nf3 Nc6 3. Bb5 a6 4. Ba4 Nf6 5. O-O b5 6. Bb3 Bb7 7. d3 Bc5 8. Bg5
d6 9. a3 h6 10. Bh4 g5 11. Bg3 Bb6 12. Nbd2 Na5 13. Ba2 c5 14. Kh1 Nc6 15. c3
Bc8 16. d4 cxd4 17. cxd4 Nxd4 18. Nxe5 dxe5 19. Bxe5 O-O 20. f4 Ng4 21. Bd5 Ra7
22. h3 Nxe5 23. fxe5 g4 24. Rf6 Bc7 25. e6 Qxf6 26. Qxg4+ Qg5 0-1

[Event "21.Wörishofen-Seniorenen op"]
[Site "Bad Wörishofen (03.03.-11.03)"]
[Date "2005.03.05"]
[Round "3.52"]
[White "Schuster, Herbert"]
[Black "Aigner, Georg"]
[Result "0-1"]
[WhiteElo "1641"]
[BlackElo "1823"]
[PlyCount "114"]
[EventDate "2005.03.??"]
[Source "Chessorg"]
[SourceDate "2005.12.10"]

1. d4 d5 2. Nf3 Nf6 3. h3 e6 4. Bg5 Be7 5. e3 h6 6. Bxf6 Bxf6 7. Nbd2 Nd7 8. c3
e5 9. dxe5 Nxe5 10. Nxe5 Bxe5 11. Nf3 Bf6 12. Bd3 Be6 13. Qc2 O-O 14. Bf5 c6
15. O-O Re8 16. Kh1 Qd7 17. g4 c5 18. Rg1 Bxf5 19. gxf5 Re4 20. Rg3 Qxf5 21.
Rag1 Qh5 22. Qd1 Qf5 23. R1g2 Kh8 24. Nd2 Rh4 25. Qf3 Qd3 26. Qd1 Rd8 27. e4
Rxh3+ 28. Rxh3 Qxh3+ 29. Rh2 Qd3 30. f3 dxe4 31. Qe2 e3 32. Ne4 Be7 33. Qxd3
Rxd3 34. Re2 f5 35. Ng3 Rd1+ 36. Kg2 Rd2 37. Kf1 Rd1+ 38. Kg2 f4 39. Ne4 g5 40.
c4 Kg7 41. b3 b6 42. Nc3 Rd2 43. Kf1 Rxe2 44. Nxe2 Bf6 45. Kg2 Kg6 46. Kh3 Kf5
47. Ng1 h5 48. Kg2 g4 49. Ne2 h4 50. fxg4+ Kxg4 51. Ng1 Bd4 52. a3 e2 53. Nxe2
f3+ 54. Kf1 fxe2+ 55. Kxe2 Kg3 56. Kd3 h3 57. b4 h2 0-1

[Event "21.Wörishofen-Seniorenen op"]
[Site "Bad Wörishofen (03.03.-11.03)"]
[Date "2005.03.05"]
[Round "3.53"]
[White "Scheller, Gerhard"]
[Black "Frantzke, Helmut"]
[Result "1/2-1/2"]
[WhiteElo "1453"]
[BlackElo "1774"]
[PlyCount "53"]
[EventDate "2005.03.??"]
[Source "Chessorg"]
[SourceDate "2005.12.10"]

1. d4 c6 2. Nf3 g6 3. c3 Bg7 4. e4 d6 5. Be3 Bg4 6. Be2 Nd7 7. h3 Bxf3 8. Bxf3
e5 9. Na3 b5 10. d5 cxd5 11. Nxb5 Nb6 12. Bxb6 Qxb6 13. Qxd5 Rd8 14. O-O Nf6
15. Qc4 O-O 16. Rfd1 a6 17. Na3 Rc8 18. Qb3 Qc5 19. Qb4 Rfd8 20. Qxc5 Rxc5 21.
Nc2 a5 22. Ne3 Bf8 23. Rab1 a4 24. c4 Nd7 25. b4 axb3 26. axb3 Bh6 27. Rxd6
1/2-1/2

[Event "21.Wörishofen-Seniorenen op"]
[Site "Bad Wörishofen (03.03.-11.03)"]
[Date "2005.03.05"]
[Round "3.54"]
[White "Czeitschner, Roland"]
[Black "Paulsen, Eckart"]
[Result "1-0"]
[WhiteElo "1766"]
[BlackElo "1636"]
[PlyCount "143"]
[EventDate "2005.03.??"]
[Source "Chessorg"]
[SourceDate "2005.12.10"]

1. b4 e5 2. Bb2 d6 3. c4 Nf6 4. Nc3 c6 5. e4 Bg4 6. Be2 Qd7 7. h3 Bxe2 8. Ngxe2
Na6 9. a3 Nc7 10. O-O Be7 11. d4 exd4 12. Nxd4 O-O 13. Nf5 Qe6 14. Qd3 g6 15.
Nxe7+ Qxe7 16. Rad1 Rad8 17. Rfe1 Ne6 18. Qe3 Nh5 19. e5 dxe5 20. Qxe5 Qf6 21.
Qe3 Qg5 22. Qxg5 Nxg5 23. Re7 Rxd1+ 24. Nxd1 Rd8 25. Nc3 Kf8 26. Rxb7 Rd2 27.
Na4 Ne4 28. Nc5 Rd1+ 29. Kh2 Nxf2 30. g4 Nf4 31. Kg3 N2xh3 32. Bf6 Rg1+ 33. Kh4
g5+ 34. Bxg5 Nxg5 35. Kxg5 Nh3+ 36. Kh4 Nf2 37. Nd7+ Kg7 38. Ne5 Rh1+ 39. Kg3
Ne4+ 40. Kg2 Ra1 41. Rxf7+ Kh6 42. Rxa7 Kg5 43. Kf3 Nd2+ 44. Ke3 Nf1+ 45. Kd4
h6 46. Nxc6 Kxg4 47. b5 Rd1+ 48. Kc5 Nd2 49. Nb4 Rc1 50. Rg7+ Kf5 51. Rf7+ Ke4
52. Re7+ Kf5 53. Nc6 Nxc4 54. a4 Nb2+ 55. Kb4 Nd3+ 56. Kb3 Nc5+ 57. Ka3 h5 58.
a5 h4 59. Nd4+ Kf6 60. Re3 Rc4 61. Nc6 Rg4 62. Nb4 Rg5 63. a6 Nd7 64. Rf3+ Ke6
65. a7 Nb6 66. Nc6 Rg3 67. Nd4+ Kd7 68. Kb4 Rxf3 69. Nxf3 h3 70. Ka5 Na8 71.
Ka6 h2 72. Nxh2 1-0

[Event "21.Wörishofen-Seniorenen op"]
[Site "Bad Wörishofen (03.03.-11.03)"]
[Date "2005.03.05"]
[Round "3.55"]
[White "Herzel, Alois,Dr."]
[Black "Fanenbruck, Guenter"]
[Result "1-0"]
[WhiteElo "1714"]
[BlackElo "1569"]
[PlyCount "85"]
[EventDate "2005.03.??"]
[Source "Chessorg"]
[SourceDate "2005.12.10"]

1. d4 d6 2. e4 Nf6 3. Nc3 e5 4. dxe5 dxe5 5. Qxd8+ Kxd8 6. Nf3 Bd6 7. Bg5 Nbd7
8. O-O-O a6 9. Bxf6+ gxf6 10. Nh4 Nb6 11. Be2 Be6 12. b3 Ke7 13. Nd5+ Nxd5 14.
exd5 Bd7 15. Bd3 Rag8 16. Bf5 Rg5 17. Bxd7 Kxd7 18. g3 Rhg8 19. f3 h5 20. Rhf1
Ke8 21. Ng2 Ke7 22. c4 c6 23. dxc6 bxc6 24. Rde1 Rd8 25. f4 Rgg8 26. Nh4 Ke6
27. Re2 Rge8 28. Ng2 Kd7 29. fxe5 Bxe5 30. Kc2 Re6 31. Rd2+ Rd6 32. Rxd6+ Kxd6
33. Rd1+ Ke7 34. Rxd8 Kxd8 35. Kd3 Ke7 36. Ke4 Ke6 37. Ne3 a5 38. Nf5 c5 39.
Ng7+ Ke7 40. Nxh5 Ke6 41. Ng7+ Ke7 42. Nf5+ Ke6 43. h4 1-0

[Event "21.Wörishofen-Seniorenen op"]
[Site "Bad Wörishofen (03.03.-11.03)"]
[Date "2005.03.05"]
[Round "3.56"]
[White "Narr, Irmgard"]
[Black "Westermayer, Hans[Johann]"]
[Result "1/2-1/2"]
[WhiteElo "1449"]
[BlackElo "1509"]
[PlyCount "34"]
[EventDate "2005.03.??"]
[Source "Chessorg"]
[SourceDate "2005.12.10"]

1. e4 c6 2. Nf3 d5 3. Nc3 g6 4. d3 Bg7 5. d4 dxe4 6. Nxe4 f5 7. Ng3 Be6 8. Be3
Nf6 9. h3 Bd5 10. c3 O-O 11. Be2 Nbd7 12. Qd2 Ne4 13. Nxe4 Bxe4 14. O-O Nb6 15.
Bh6 Bd5 16. b3 a5 17. Bxg7 Kxg7 1/2-1/2

[Event "21.Wörishofen-Seniorenen op"]
[Site "Bad Wörishofen (03.03.-11.03)"]
[Date "2005.03.05"]
[Round "3.57"]
[White "Richter, Helmut[41W'kraib]"]
[Black "Kaiser, Hans[35BGladbach]"]
[Result "0-1"]
[WhiteElo "1538"]
[BlackElo "1612"]
[PlyCount "82"]
[EventDate "2005.03.??"]
[Source "Chessorg"]
[SourceDate "2005.12.10"]

1. d4 Nf6 2. c4 e6 3. Nc3 Bb4 4. Bd2 O-O 5. e3 d5 6. Nf3 c5 7. Bd3 dxc4 8. Bxc4
cxd4 9. Nxd4 e5 10. Nc2 Be7 11. O-O Nc6 12. Be2 Bf5 13. a3 Rc8 14. f3 Qb6 15.
Kh1 Rfd8 16. e4 Be6 17. Qc1 Nd4 18. Be3 Qc7 19. Nxd4 exd4 20. Bf4 Qb6 21. Rd1
dxc3 22. Rxd8+ Rxd8 23. Qxc3 Rc8 24. Qd2 Qb3 25. Bd1 Qb6 26. Be2 Rd8 27. Qc3
Rc8 28. Qd2 h6 29. b4 Rd8 30. Qc2 Qc6 31. Qb2 Nd7 32. Rc1 Qa4 33. h3 Bf6 34. e5
Bg5 35. Bxg5 hxg5 36. Rc7 b6 37. Qc3 Nf8 38. Qe3 Nh7 39. Qe4 Qxa3 40. Qb7 Qa1+
41. Kh2 Qxe5+ 0-1

[Event "21.Wörishofen-Seniorenen op"]
[Site "Bad Wörishofen (03.03.-11.03)"]
[Date "2005.03.05"]
[Round "3.58"]
[White "Oser, Thor"]
[Black "Schoen, Siegfried"]
[Result "1/2-1/2"]
[WhiteElo "1631"]
[BlackElo "1545"]
[PlyCount "38"]
[EventDate "2005.03.??"]
[Source "Chessorg"]
[SourceDate "2005.12.10"]

1. d4 d5 2. e3 c6 3. Bd3 Nf6 4. Nd2 e6 5. f4 c5 6. c3 cxd4 7. exd4 Bd6 8. g3 b6
9. Ngf3 Qc7 10. Ne5 O-O 11. Qf3 Bb7 12. g4 g6 13. h4 Bxe5 14. fxe5 Nfd7 15. Qg3
Nc6 16. Nf3 f6 17. Bf4 fxe5 18. dxe5 Nc5 19. Be2 Ne4 1/2-1/2

[Event "21.Wörishofen-Seniorenen op"]
[Site "Bad Wörishofen (03.03.-11.03)"]
[Date "2005.03.05"]
[Round "3.59"]
[White "Malik, Rosemarie"]
[Black "Miessner, Rolf"]
[Result "0-1"]
[WhiteElo "1335"]
[BlackElo "1695"]
[PlyCount "91"]
[EventDate "2005.03.??"]
[Source "Chessorg"]
[SourceDate "2005.12.10"]

1. e4 Nf6 2. e5 Nd5 3. d4 d6 4. Nf3 Bg4 5. Be2 c6 6. Bd2 Bxf3 7. Bxf3 dxe5 8.
dxe5 e6 9. O-O Qc7 10. Re1 Nd7 11. Bxd5 cxd5 12. f4 Rc8 13. Bc3 Bc5+ 14. Kh1 b5
15. Re2 O-O 16. b3 a5 17. a3 Ba7 18. Bb2 Qb7 19. Bd4 Rc6 20. Bxa7 Qxa7 21. Nd2
Qd4 22. Nf3 Qxf4 23. Qe1 a4 24. bxa4 bxa4 25. Rb1 Rc4 26. Rb4 Rfc8 27. Rxc4
Rxc4 28. Qa5 Qc1+ 29. Ng1 Qxa3 30. Qb5 Qe7 31. h3 Qd8 32. Rf2 Nxe5 33. Qb7 Nd7
34. Nf3 h6 35. Qa7 Qc7 36. Qa8+ Nb8 37. g4 Qg3 38. Rf1 Qxh3+ 39. Kg1 Rxg4+ 40.
Kf2 Qg2+ 41. Ke1 Re4+ 42. Kd1 Qxf1+ 43. Kd2 Re2+ 44. Kc3 Qxf3+ 45. Kb2 Qf4 46.
Qa6 0-1

[Event "21.Wörishofen-Seniorenen op"]
[Site "Bad Wörishofen (03.03.-11.03)"]
[Date "2005.03.05"]
[Round "3.60"]
[White "Kuhnert, Werner"]
[Black "Gestrich, Wolfgang,Prof.Dr."]
[Result "1/2-1/2"]
[WhiteElo "1316"]
[BlackElo "1442"]
[PlyCount "68"]
[EventDate "2005.03.??"]
[Source "Chessorg"]
[SourceDate "2005.12.10"]

1. d4 Nf6 2. c4 d6 3. Nc3 e5 4. dxe5 dxe5 5. Qxd8+ Kxd8 6. e4 Nfd7 7. Nf3 f6 8.
Be2 Bb4 9. O-O Bxc3 10. bxc3 c6 11. Rd1 Kc7 12. Ba3 b6 13. Bd6+ Kb7 14. Ba3 c5
15. Rab1 Kc7 16. Ne1 Nc6 17. Nc2 Ba6 18. Ne3 Ne7 19. Bg4 Rad8 20. Rd2 Nb8 21.
Rbd1 Rxd2 22. Rxd2 Rd8 23. Rxd8 Kxd8 24. Bc1 Nbc6 25. Be2 Na5 26. Kf1 Nc8 27.
Ke1 Nd6 28. f3 Bxc4 29. Nxc4 Naxc4 30. Kd1 Na5 31. Kc2 g5 32. g4 Nc6 33. Kb1
Kc7 34. Kc2 Kb7 1/2-1/2

[Event "21.Wörishofen-Seniorenen op"]
[Site "Bad Wörishofen (03.03.-11.03)"]
[Date "2005.03.05"]
[Round "3.61"]
[White "Wohlfart, Karl-Heinz"]
[Black "Buss, Richard"]
[Result "1-0"]
[WhiteElo "1774"]
[BlackElo "1373"]
[PlyCount "51"]
[EventDate "2005.03.??"]
[Source "Chessorg"]
[SourceDate "2005.12.10"]

1. Nf3 d5 2. g3 Nf6 3. Bg2 e6 4. O-O Be7 5. d3 O-O 6. Nbd2 b6 7. e4 dxe4 8.
dxe4 Bb7 9. Qe2 Nbd7 10. b3 Qc8 11. Bb2 Re8 12. Rfe1 Nf8 13. Rad1 Rd8 14. h3
Ng6 15. Nd4 Rb8 16. Nc4 c5 17. Nb5 Ra8 18. Rxd8+ Bxd8 19. Nbd6 Qc6 20. Nxb7
Qxb7 21. Bxf6 gxf6 22. e5 Qb8 23. Qf3 Bc7 24. Qxa8 Qxa8 25. Bxa8 fxe5 26. Rd1
1-0

[Event "21.Wörishofen-Seniorenen op"]
[Site "Bad Wörishofen (03.03.-11.03)"]
[Date "2005.03.05"]
[Round "3.62"]
[White "Lamberger, Werner[39AUT]"]
[Black "Schulte, Hans,Dr."]
[Result "0-1"]
[WhiteElo "1169"]
[BlackElo "1756"]
[PlyCount "62"]
[EventDate "2005.03.??"]
[Source "Chessorg"]
[SourceDate "2005.12.10"]

1. d4 Nf6 2. c4 e6 3. Nc3 d5 4. e3 c6 5. Nf3 Nbd7 6. Bd3 dxc4 7. Bxc4 b5 8. Bd3
a6 9. O-O Bd6 10. Ne4 Nxe4 11. Bxe4 Bb7 12. Qc2 Rc8 13. Rd1 Nf6 14. Bd3 Qc7 15.
Bf1 O-O 16. e4 e5 17. dxe5 Bxe5 18. Qc5 Rfe8 19. Re1 Rcd8 20. g3 Bd6 21. Qc2 c5
22. Nd2 c4 23. Bg2 Bc5 24. Nf1 Ng4 25. Ne3 Nxe3 26. Bxe3 Rd3 27. Bxc5 Qxc5 28.
Rad1 Red8 29. e5 Bxg2 30. Kxg2 Qd5+ 31. Kh3 Rxd1 0-1

[Event "21.Wörishofen-Seniorenen op"]
[Site "Bad Wörishofen (03.03.-11.03)"]
[Date "2005.03.05"]
[Round "3.63"]
[White "Frey, Walter"]
[Black "Weibrecht, Carl"]
[Result "1-0"]
[WhiteElo "1707"]
[BlackElo "1471"]
[PlyCount "85"]
[EventDate "2005.03.??"]
[Source "Chessorg"]
[SourceDate "2005.12.10"]

1. f4 d5 2. b3 Nf6 3. Bb2 e6 4. Nf3 Bd6 5. e3 c5 6. Bd3 Nbd7 7. Na3 a6 8. c4
O-O 9. O-O Re8 10. Ne5 Ne4 11. Nxd7 Bxd7 12. Qh5 g6 13. Qe2 f5 14. Nc2 Rb8 15.
a4 Qb6 16. Ra3 Qd8 17. Ne1 Bf8 18. Nf3 Bg7 19. Ne5 Bc8 20. Bc2 dxc4 21. Bxe4
fxe4 22. Qxc4 Qxd2 23. Bc1 Qd5 24. Ra2 Bxe5 25. fxe5 Bd7 26. Qc2 Rf8 27. Rd1
Qc6 28. Rd6 Qc8 29. Qxe4 Bc6 30. Qc4 Bd5 31. Rxd5 exd5 32. Qxd5+ Kg7 33. e6 h6
34. Qe5+ Kh7 35. Bb2 Rg8 36. Bc3 b6 37. Rf2 Rb7 38. Rf7+ Rxf7 39. exf7 h5 40.
fxg8=Q+ Qxg8 41. e4 h4 42. Qe7+ Kh6 43. Qxh4# 1-0

[Event "21.Wörishofen-Seniorenen op"]
[Site "Bad Wörishofen (03.03.-11.03)"]
[Date "2005.03.05"]
[Round "3.64"]
[White "Schafroth, Georg"]
[Black "Manfeldt, Alfred"]
[Result "0-1"]
[WhiteElo "1367"]
[BlackElo "1554"]
[PlyCount "70"]
[EventDate "2005.03.??"]
[Source "Chessorg"]
[SourceDate "2005.12.10"]

1. d4 Nf6 2. c4 e6 3. Nc3 d5 4. e3 c6 5. Bd3 Nbd7 6. Nf3 Bd6 7. O-O O-O 8. Re1
dxc4 9. Bxc4 Qc7 10. Qc2 Re8 11. Bd3 Nf8 12. h3 Ng6 13. Bxg6 hxg6 14. Bd2 e5
15. dxe5 Bxe5 16. Rad1 Bf5 17. e4 Bd7 18. g3 Bxh3 19. Nxe5 Qxe5 20. Bf4 Qh5 21.
Rd3 Be6 22. f3 Rad8 23. Re2 Bc4 24. Rxd8 Rxd8 25. Rf2 g5 26. Be5 Re8 27. Qd2
Rxe5 28. Qd8+ Re8 29. Qd4 Be6 30. g4 Qg6 31. Qxa7 b5 32. Qc5 Rc8 33. b3 Nd7 34.
Qd6 Qf6 35. f4 Qxc3 0-1